<?xml version="1.0" encoding="UTF-8"?>
<record
    xmlns:xsi="http://www.w3.org/2001/XMLSchema-instance"
    xsi:schemaLocation="http://www.loc.gov/MARC21/slim http://www.loc.gov/standards/marcxml/schema/MARC21slim.xsd"
    xmlns="http://www.loc.gov/MARC21/slim">

  <leader>00270nam a22001217a 4500</leader>
  <datafield tag="040" ind1=" " ind2=" ">
    <subfield code="c">SK</subfield>
  </datafield>
  <datafield tag="082" ind1=" " ind2=" ">
    <subfield code="a">338</subfield>
  </datafield>
  <datafield tag="100" ind1=" " ind2=" ">
    <subfield code="a">ELLIOTT L</subfield>
  </datafield>
  <datafield tag="245" ind1=" " ind2=" ">
    <subfield code="a">Smallholder livestock production programme khm/ aidco/2003/5824</subfield>
  </datafield>
  <datafield tag="260" ind1=" " ind2=" ">
    <subfield code="a">NA </subfield>
    <subfield code="b">ELL</subfield>
    <subfield code="c">2003</subfield>
  </datafield>
  <datafield tag="300" ind1=" " ind2=" ">
    <subfield code="a">177p.</subfield>
  </datafield>
  <datafield tag="942" ind1=" " ind2=" ">
    <subfield code="c">EK</subfield>
  </datafield>
  <datafield tag="999" ind1=" " ind2=" ">
    <subfield code="c">9115</subfield>
    <subfield code="d">9115</subfield>
  </datafield>
  <datafield tag="952" ind1=" " ind2=" ">
    <subfield code="0">0</subfield>
    <subfield code="1">0</subfield>
    <subfield code="4">0</subfield>
    <subfield code="6">338_000000000000000_ELL_2003</subfield>
    <subfield code="7">0</subfield>
    <subfield code="9">50752</subfield>
    <subfield code="a">LBB</subfield>
    <subfield code="b">LBB</subfield>
    <subfield code="d">2016-08-24</subfield>
    <subfield code="o">338 ELL 2003</subfield>
    <subfield code="p">RUA045681</subfield>
    <subfield code="r">2016-08-24</subfield>
    <subfield code="w">2016-08-24</subfield>
    <subfield code="y">EK</subfield>
  </datafield>
  <datafield tag="952" ind1=" " ind2=" ">
    <subfield code="0">0</subfield>
    <subfield code="1">0</subfield>
    <subfield code="4">0</subfield>
    <subfield code="6">338_000000000000000_ELL_2003_C064</subfield>
    <subfield code="7">0</subfield>
    <subfield code="9">51729</subfield>
    <subfield code="a">LBC</subfield>
    <subfield code="b">LBC</subfield>
    <subfield code="c">C064</subfield>
    <subfield code="d">2016-09-06</subfield>
    <subfield code="o">338 ELL 2003 C064</subfield>
    <subfield code="p">A00628</subfield>
    <subfield code="r">2016-09-06</subfield>
    <subfield code="y">EK</subfield>
  </datafield>
  <datafield tag="952" ind1=" " ind2=" ">
    <subfield code="0">0</subfield>
    <subfield code="1">0</subfield>
    <subfield code="4">0</subfield>
    <subfield code="6">338_000000000000000_ELL_2003_C069</subfield>
    <subfield code="7">0</subfield>
    <subfield code="9">51826</subfield>
    <subfield code="a">LBC</subfield>
    <subfield code="b">LBC</subfield>
    <subfield code="c">C069</subfield>
    <subfield code="d">2016-09-07</subfield>
    <subfield code="o">338 ELL 2003 C069</subfield>
    <subfield code="p">RUA045495-</subfield>
    <subfield code="r">2016-09-07</subfield>
    <subfield code="y">EK</subfield>
  </datafield>
</record>
